|
|
|
|
| LEADER |
01047nam a2200265 a 4500 |
| 001 |
16418189 |
| 008 |
120523s2011 caua be 001 0 eng |
| 010 |
|
|
|a 2010032325
|
| 020 |
|
|
|a 9781412927482 (cloth : acid-free paper)
|
| 020 |
|
|
|a 141292748X (cloth : acid-free paper)
|
| 040 |
|
|
|a DLC
|c DLC
|d YDX
|d BTCTA
|d YDXCP
|d SHH
|d BWX
|d DLC
|d BD-DhAAL
|
| 042 |
|
|
|a pcc
|
| 050 |
0 |
0 |
|a HN49.P6
|b E53 2011
|
| 082 |
0 |
0 |
|a 303.303
|2 22
|
| 245 |
0 |
0 |
|a Encyclopedia of power /
|c edited by Keith Dowding.
|
| 260 |
|
|
|a Thousand Oaks, Calif. :
|b SAGE,
|c 2011.
|
| 300 |
|
|
|a xxvi, 755 p. :
|b ill. ;
|c 29 cm.
|
| 490 |
0 |
|
|a A Sage reference publication
|
| 504 |
|
|
|a Includes bibliographical references and index.
|
| 541 |
|
|
|e 00025261
|
| 650 |
|
0 |
|a Power (Social sciences)
|v Encyclopedias.
|
| 700 |
1 |
|
|a Dowding, Keith M.
|
| 852 |
1 |
|
|a Ayesha Abed Library
|c General shelf.
|
| 999 |
|
|
|c 12222
|d 12222
|
| 952 |
|
|
|0 0
|1 0
|2 ddc
|4 0
|6 303_303000000000000_ENC
|7 0
|9 20296
|a BRACUL
|b BRACUL
|c GEN
|d 2012-05-24
|e karim International
|g 11900.00
|l 0
|o 303.303 ENC
|p 3010025261
|r 2012-05-24
|t 1
|w 2012-05-24
|y BK
|